000 00251nam a2200097Ia 4500
008 240331s9999 xx 000 0 und d
082 _bREA
100 _aRashtriya,A. ed
245 0 _aReaching for half the sky :
_ba reaader in women's movement
942 _cL
999 _c1919
_d1919